000 00796nam a22002177a 4500
005 20170704123522.0
020 _a9789385462030
_c495.00
035 _aB-664590
037 _aDPL
_bBSB/Ven
082 _a333.7
100 _aMisra, S.P.
245 _aEssential environmental studies /
_cby S.P. Misra [and] S.N. Pandey
250 _a4th ed
260 _aNew Delhi
_bAne Books
_c2016
270 _a4821,Parwana Bhawan, First Floor, 24,Ansari Road, Daryaganj
_bNew Delhi
_e110002
300 _a790p.:
_bill.
_c24cm(pbk)
500 _aIncludes index
700 _aPandey, S.N.
942 _2ddc
_cEN
_h333.7
999 _c142270
_d142270